10 Biggest Cities in Ethiopia - Statistics

General Stats
  • This quiz has been taken 90 times
  • The average score is 4 of 10
Answer Stats
Population City % Correct
2 755 000 Addis Ababa
96%
250 000 Dire Dawa
70%
215 000 mek'ele
51%
165 000 Bahir Dar
48%
155 000 Gonder
30%
125 000 Jimma
27%
135 000 Awasa
23%
135 000 Dessie
21%
215 000 Nazret
13%
105 000 Bishoftu
8%
No matching quizzes found
Score Distribution
Percent of People with Each Score
Percentile by Number Answered
Your Score History
You have not taken this quiz